Name Every Song On "The Stranger" by Billy Joel - Statistics

General Stats
  • This quiz has been taken 52 times
  • The average score is 7 of 9
Answer Stats
Song % Correct
The Stranger
98%
Scenes From An Italian Restaurant
89%
Movin' Out (Anthony's Song)
87%
Vienna
82%
Just The Way You Are
78%
She's Always A Woman
71%
Only The Good Die Young
69%
Everybody Has A Dream
53%
Get It Right The First Time
51%
No matching quizzes found
Score Distribution
Percent of People with Each Score
Percentile by Number Answered
Your Score History
You have not taken this quiz